| 000 | 00523nam a2200157 a 4500 | ||
|---|---|---|---|
| 005 | 20140412111235.0 | ||
| 008 | 001120s19uu xx 00 eng d | ||
| 020 | _a0-939045-04-4 | ||
| 050 |
_aTR(GS 372.6 _bSEB 1988 |
||
| 100 | _aSebranek, Patrick | ||
| 245 |
_aA Basic writing workbook / _cby Patrick Sebranek and Dave Kemper; illustrated by Christ Krenzke. |
||
| 260 |
_a[s.l.] : _b[s.n.], _c1988. |
||
| 300 | _a135 p. | ||
| 650 | _aEnglish language -- composition and exercises -- study and teaching | ||
| 999 |
_c102412 _d102412 |
||